|
|
|
|
| LEADER |
02839nam a22003857a 4500 |
| 001 |
AAL7205 |
| 003 |
BD-DhAAL |
| 005 |
20160105180317.0 |
| 008 |
160105s 2009bd a|||| |||| 001 0 eng d |
| 020 |
|
|
|a 9847027700411
|
| 040 |
|
|
|a BD-DhAAL
|c BD-DhAAL
|
| 082 |
|
|
|a 004
|
| 100 |
|
|
|a Ali, Md. Haider
|9 17183
|
| 245 |
|
|
|a Fundamentals of computer and information technology :
|b an advanced book to introduce computing and information technology /
|c Md. Haider Ali and Ahmed Shamsul Arefin
|
| 250 |
|
|
|a 1st ed.
|
| 260 |
|
|
|a Dhaka :
|b Gyankosh Prokashoni,
|c 2009.
|
| 300 |
|
|
|a xiii, 355 p. :
|b ill. ;
|c 24 cm.
|
| 500 |
|
|
|a this book is written is accordance with University Grants Commission(UGC) approved syllabus of following programs' "computer Fundamental" course: Bachelor Courses: CSE, CIS, CS, ETE, EEE, BBA, ICAB and Masters Courses: MIS, MBA.
|
| 504 |
|
|
|6 Includes bibliography and index.
|
| 541 |
|
|
|e 7205
|
| 650 |
|
|
|a Computer science
|9 17184
|
| 650 |
|
|
|a Information tecnology
|9 17185
|
| 700 |
|
|
|a Arefin, Ahmed Shamsul
|9 17186
|
| 942 |
|
|
|2 ddc
|c BK
|
| 999 |
|
|
|c 36551
|d 36551
|
| 952 |
|
|
|0 0
|1 0
|2 ddc
|4 0
|6 004_000000000000000
|7 0
|9 57507
|a SCL
|b SCL
|c GEN
|d 2016-01-05
|e Development Book Agency
|g 150.00
|l 0
|o 004
|p 3020007205
|r 2016-01-05
|t 1
|w 2016-01-05
|y BK
|
| 952 |
|
|
|0 0
|1 0
|2 ddc
|4 0
|6 004_000000000000000
|7 0
|9 57508
|a SCL
|b SCL
|c GEN
|d 2016-01-05
|e Development Book Agency
|g 150.00
|l 0
|o 004
|p 3020007209
|r 2016-01-05
|t 2
|w 2016-01-05
|y BK
|
| 952 |
|
|
|0 0
|1 0
|2 ddc
|4 0
|6 004_000000000000000
|7 0
|9 57509
|a SCL
|b SCL
|c GEN
|d 2016-01-05
|e Development Book Agency
|g 150.00
|l 0
|o 004
|p 3020007213
|r 2016-01-05
|t 3
|w 2016-01-05
|y BK
|
| 952 |
|
|
|0 0
|1 0
|2 ddc
|4 0
|6 004_000000000000000
|7 0
|9 57510
|a SCL
|b SCL
|c GEN
|d 2016-01-05
|e Development Book Agency
|g 150.00
|l 0
|o 004
|p 3020007204
|r 2016-01-05
|t 4
|w 2016-01-05
|y BK
|
| 952 |
|
|
|0 0
|1 0
|2 ddc
|4 0
|6 004_000000000000000
|7 0
|9 57511
|a SCL
|b SCL
|c GEN
|d 2016-01-05
|e Development Book Agency
|g 150.00
|l 1
|o 004
|p 3020007211
|r 2022-04-03
|s 2022-03-24
|t 5
|w 2016-01-05
|y BK
|
| 952 |
|
|
|0 0
|1 0
|2 ddc
|4 0
|6 004_000000000000000
|7 0
|9 57512
|a SCL
|b SCL
|c GEN
|d 2016-01-05
|e Development Book Agency
|g 150.00
|l 0
|o 004
|p 3020007206
|r 2016-01-05
|t 6
|w 2016-01-05
|y BK
|
| 952 |
|
|
|0 0
|1 0
|2 ddc
|4 0
|6 004_000000000000000
|7 0
|9 57513
|a SCL
|b SCL
|c GEN
|d 2016-01-05
|e Development Book Agency
|g 150.00
|l 1
|m 5
|o 004
|p 3020007210
|r 2018-07-31
|s 2017-09-21
|t 7
|w 2016-01-05
|y BK
|
| 952 |
|
|
|0 0
|1 0
|2 ddc
|4 0
|6 004_000000000000000
|7 0
|9 57514
|a SCL
|b SCL
|c GEN
|d 2016-01-05
|e Development Book Agency
|g 150.00
|l 2
|m 10
|o 004
|p 3020007207
|r 2018-07-30
|s 2018-07-11
|t 8
|w 2016-01-05
|y BK
|
| 952 |
|
|
|0 0
|1 0
|2 ddc
|4 0
|6 004_000000000000000
|7 0
|9 57515
|a SCL
|b SCL
|c GEN
|d 2016-01-05
|e Development Book Agency
|g 150.00
|l 0
|o 004
|p 3020007212
|r 2016-01-05
|t 9
|w 2016-01-05
|y BK
|
| 952 |
|
|
|0 0
|1 0
|2 ddc
|4 0
|6 004_000000000000000
|7 0
|9 57516
|a SCL
|b SCL
|c GEN
|d 2016-01-05
|e Development Book Agency
|g 150.00
|l 0
|o 004
|p 3020007208
|r 2016-01-05
|t 10
|w 2016-01-05
|y BK
|